| 000 | 00825nam a22002417a 4500 | ||
|---|---|---|---|
| 999 |
_c9109 _d9109 |
||
| 003 | AR-CdUCM | ||
| 008 | 190327b ||||| |||| 00| 0 spa d | ||
| 020 | _a978-607-735-732-2 | ||
| 040 |
_aMUNICIPALIDAD PROVINCIAL DEL CUSCO _cBIBLIOTECA MUNICIPAL DEL CUSCO |
||
| 041 | _heng | ||
| 082 |
_aPI-0027 / _bBRO / mae |
||
| 100 |
_aBrown, Peter _925115 |
||
| 245 |
_a¡Mi maestra es un monstruo! : _bno es cierto / |
||
| 260 |
_aBarcelona : _bOcéano Travesía, _c2016 |
||
| 300 |
_bilustraciones a color, _c28 cm. |
||
| 500 | _aNo cuenta con numeración impresa. Título original: My teacher is a monster (no, i am not) | ||
| 650 |
_aHistorieta infantil _925116 |
||
| 650 |
_aLibro infantil _924758 |
||
| 650 |
_aSiglo XX _98 |
||
| 700 |
_aPérez, Luis Bernardo (Traductor) _925117 |
||
| 942 |
_2ddc _cLIBROS |
||
| 945 | _araen | ||